00810nam a2200229 b 4500001000900000003000900009005001700018008004100035016001400076017000900090020001600099035000600115040002500121080000600146080000600152111009700158245011400255260003800369300005500407710004200462710007600504 017828 DO-SdBNP20180119110924.0020530s2002 sp | ||| ||spa 7 a 2BPMSU a b  a848683032X  a  aBPMSUbspacBPMSUe  0a  0a 20aConferencia sobre Transición y Consolidación Democráticasd(2001 :19-27 oct.cMadrid )10aConferencia sobre Transición y Consolidación Democráticash bMadrid, del 19 al 27 de octubre de 2001 / aMadrid : bSiddharth Mehta,c2002 a293 p., [16] p. de lám.c21 cme1 disco (CD-ROM)2 aGorbachev Foundation of North America2 aFundación para las Relaciones Internacionales y el Diálogo Exterior